[Event "Faxe EMT 2009"]
[Site "Faxe"]
[Date "2009.04.22"]
[Round "5"]
[White "Christoffersen, Ib"]
[Black "Larsen, Paul M"]
[Result "0-1"]
[WhiteElo "1421"]
[BlackElo "1613"]
[PlyCount "66"]
[EventDate "2009.??.??"]

1. d4 d6 2. Nf3 Nd7 3. e3 e5 4. dxe5 dxe5 5. Nc3 c6 6. Bc4 Be7 7. O-O Ngf6 8.
Nh4 Nb6 9. Bd3 e4 10. Be2 Nfd5 11. g3 Bxh4 12. gxh4 Qxh4 13. Kh1 Bh3 14. Rg1
Rd8 15. Qe1 Nf6 16. Rxg7 Ng4 17. Bxg4 Bxg4 18. Ne2 Kf8 19. Rxg4 Qxg4 20. b3
Qf3+ 21. Kg1 Rg8+ 22. Ng3 Ke8 23. Bb2 Rg5 24. Bd4 Rgd5 25. c4 R5d7 26. c5 Nd5
27. Qe2 Qxe2 28. Nxe2 Nb4 29. a3 Nc2 30. Ra2 Nxd4 31. Nxd4 f5 32. Nxf5 Rd2 33.
Nd6+ R8xd6 0-1

[Event "Faxe EMT 2009"]
[Site "Faxe"]
[Date "2009.04.22"]
[Round "5"]
[White "Andersen, Bjarne Hjorth"]
[Black "Lindskov, Villy"]
[Result "1/2-1/2"]
[WhiteElo "1881"]
[BlackElo "1822"]
[PlyCount "56"]
[EventDate "2009.??.??"]

1. e4 d5 2. exd5 Qxd5 3. Nc3 Qa5 4. d4 Nf6 5. Bc4 c6 6. Nf3 Bg4 7. h3 Bh5 8.
Qe2 Nbd7 9. O-O Qc7 10. Ne4 Bxf3 11. Nxf6+ Nxf6 12. Qxf3 e6 13. Bf4 Bd6 14.
Bxd6 Qxd6 15. c3 O-O 16. Rfe1 Nd5 17. Re2 b5 18. Bb3 Rad8 19. Rae1 a5 20. Bc2
g6 21. g3 Kg7 22. Re5 Ra8 23. Bd3 Nf6 24. Qe2 Nd7 25. Re3 Rab8 26. a3 Rfd8 27.
Kh2 Ra8 28. Qf3 Rac8 1/2-1/2

[Event "Faxe EMT 2009"]
[Site "Faxe"]
[Date "2009.04.22"]
[Round "5"]
[White "Christoffersen, Per"]
[Black "Wehlast, Svend Erik"]
[Result "0-1"]
[WhiteElo "1530"]
[BlackElo "1479"]
[PlyCount "64"]
[EventDate "2009.??.??"]

1. d4 d5 2. Nf3 e6 3. e3 Nf6 4. Bd3 c5 5. b3 Bd7 6. O-O b5 7. dxc5 Bxc5 8. Bb2
a6 9. Nbd2 O-O 10. Ne5 Be8 11. a3 Nc6 12. Ng4 d4 13. Nxf6+ gxf6 14. Ne4 Bb6 15.
Qh5 Kg7 16. Nxf6 Kxf6 17. Qh4+ Kg7 18. Qxh7+ Kf6 19. Qh4+ Kg7 20. Qh7+ Kf6 21.
Qh6+ Ke7 22. Qg7 Bd7 23. Bg6 Qe8 24. a4 Rg8 25. Bxf7 Qxf7 26. Qxf7+ Kxf7 27.
Rfd1 e5 28. c3 Be6 29. cxd4 exd4 30. exd4 Bxb3 31. Rd2 Bd5 32. g3 b4 0-1

[Event "Faxe EMT 2009"]
[Site "Faxe"]
[Date "2009.04.22"]
[Round "5"]
[White "Brinkhard, Anders"]
[Black "Hansen, Borge"]
[Result "0-1"]
[WhiteElo "1432"]
[BlackElo "1511"]
[PlyCount "169"]
[EventDate "2009.??.??"]

1. Nf3 d5 2. d4 e6 3. Bf4 c5 4. c3 Nc6 5. e3 Nf6 6. h3 h6 7. Nbd2 Be7 8. Ne5 a6
9. Be2 O-O 10. Nxc6 bxc6 11. O-O cxd4 12. exd4 Bd6 13. Bxd6 Qxd6 14. Bf3 Rb8
15. Qc1 Bd7 16. Nb3 Bc8 17. Re1 Nd7 18. Qe3 Qc7 19. Rab1 a5 20. Bd1 Ba6 21. Be2
Bxe2 22. Rxe2 Rb5 23. Nd2 Rfb8 24. Nf3 c5 25. dxc5 Rxc5 26. Rd1 Rc4 27. Rdd2
Re4 28. Qd3 Rxe2 29. Qxe2 Rb7 30. g3 Nf6 31. Qe5 Qc4 32. b3 Qe4 33. Qxe4 Nxe4
34. Rd3 Rc7 35. c4 dxc4 36. bxc4 Rxc4 37. Rd4 Rxd4 38. Nxd4 Nc3 39. Nc6 Nxa2
40. Nxa5 Kf8 41. Nc4 Ke7 42. Kg2 Nc3 43. Ne3 Kf6 44. Nc4 g6 45. Nd2 Kf5 46. f3
e5 47. Nc4 f6 48. Ne3+ Ke6 49. Kf2 f5 50. Ng2 g5 51. Ne1 h5 52. Ke3 Nd5+ 53.
Kf2 Nf6 54. Nc2 g4 55. fxg4 hxg4 56. hxg4 Nxg4+ 57. Kf3 Kd5 58. Ne1 Kd4 59. Ke2
Nf6 60. Nf3+ Kd5 61. Nh4 Ke4 62. Kf2 Ng4+ 63. Kg2 Nh6 64. Nf3 Kd5 65. Nh4 e4
66. Ng6 Kd4 67. Nf4 Ke3 68. Nd5+ Kd2 69. Nf4 Nf7 70. Kf2 Ne5 71. Kf1 e3 72. Ne2
Nf3 73. Nf4 Nd4 74. g4 fxg4 75. Kg2 e2 76. Nxe2 Nxe2 77. Kf2 g3+ 78. Kf3 Ke1
79. Kg2 Kd2 80. Kf3 Kd3 81. Kg2 Ke4 82. Kh1 Nf4 83. Kg1 Kf3 84. Kf1 Nh3 85. Ke1
0-1

[Event "Faxe EMT 2009"]
[Site "Faxe"]
[Date "2009.04.22"]
[Round "5"]
[White "Jensen, Leif"]
[Black "Christensen, Lars (1957)"]
[Result "0-1"]
[WhiteElo "1990"]
[BlackElo "1998"]
[PlyCount "88"]
[EventDate "2009.??.??"]

1. e4 d5 2. exd5 Qxd5 3. Qf3 Nf6 4. Qxd5 Nxd5 5. d4 c5 6. Be3 e5 7. dxe5 Nxe3
8. fxe3 Nc6 9. Bb5 Bd7 10. Bxc6 Bxc6 11. Nf3 g6 12. Nbd2 Bh6 13. Kf2 O-O 14.
Rad1 Rae8 15. Rhe1 Re6 16. Nb3 b6 17. Rd6 Rxd6 18. exd6 Rd8 19. Rd1 f6 20. Nc1
Kf7 21. Nd3 Be4 22. Rd2 Bf8 23. Nf4 Bxd6 24. Ne2 Ke6 25. c3 g5 26. g4 h5 27. h3
hxg4 28. hxg4 Rh8 29. Neg1 Ke7 30. b3 Bc6 31. Kf1 Bd7 32. Rg2 Rh1 33. Kf2 Bc6
34. Ke2 c4 35. bxc4 Be5 36. Kd3 Rxg1 37. Rxg1 Bxf3 38. Rf1 Bxg4 39. Rh1 Bd7 40.
Rh7+ Kd6 41. Rh6 g4 42. e4 g3 43. Rg6 Bh3 44. Ke3 Kc5 0-1

[Event "Faxe EMT 2009"]
[Site "Faxe"]
[Date "2009.04.22"]
[Round "5"]
[White "Eriksen, Knud Ejler"]
[Black "Andersen, Hans Poul"]
[Result "0-1"]
[WhiteElo "1255"]
[BlackElo "1269"]
[PlyCount "132"]
[EventDate "2009.??.??"]

1. e4 e5 2. Nf3 d6 3. h3 Be7 4. c3 Bd7 5. d3 h6 6. Be2 Nf6 7. Be3 O-O 8. O-O
Nc6 9. Nbd2 a6 10. a3 b5 11. Rc1 Na5 12. b4 Nb7 13. d4 exd4 14. cxd4 c6 15. Qc2
Rc8 16. Rfd1 Qe8 17. e5 Nd5 18. Nf1 Nxe3 19. Nxe3 Be6 20. Nf5 d5 21. Nxe7+ Qxe7
22. Bd3 a5 23. Rb1 a4 24. Rf1 Nd8 25. Ne1 f5 26. exf6 Rxf6 27. Bh7+ Kh8 28. Bd3
Nf7 29. Nf3 Bxh3 30. Nh4 Qd7 31. gxh3 Qxh3 32. Ng2 Ng5 33. Be2 Rcf8 34. Rb2
Nf3+ 35. Bxf3 Qxf3 36. Qe2 Rg6 37. Qxf3 Rxf3 38. Re2 Rxa3 39. Re3 Ra2 40. Ree1
Rg4 41. Rd1 Rb2 42. Rb1 Rxb1 43. Rxb1 Rxd4 44. Ne3 Rd2 45. Rc1 d4 46. Nf1 Rb2
47. Rxc6 Rxb4 48. Ra6 Rb2 49. Kg2 d3 50. Ne3 d2 51. Nd1 Rb1 52. Nc3 d1=Q 53.
Nxd1 Rxd1 54. Ra5 Rb1 55. Kg3 Kh7 56. Kg4 Rb3 57. f4 a3 58. f5 b4 59. Ra7 Rb1
60. Kf4 Rf1+ 61. Ke5 h5 62. Ra4 Rb1 63. Kf4 Rb2 64. Kg5 a2 65. Ra7 Rf2 66. Ra5
b3 0-1

[Event "Faxe EMT 2009"]
[Site "Faxe"]
[Date "2009.04.23"]
[Round "5"]
[White "Jakobsen, Henning"]
[Black "Olsen, Michael2"]
[Result "1-0"]
[WhiteElo "1141"]
[BlackElo "1177"]
[PlyCount "119"]
[EventDate "2009.??.??"]

1. d4 d5 2. c4 e6 3. Nc3 Bb4 4. Bd2 Nf6 5. e3 O-O 6. Nf3 h6 7. cxd5 Nxd5 8.
Nxd5 Bxd2+ 9. Qxd2 exd5 10. Bd3 f6 11. O-O Nc6 12. a3 Ne7 13. Rac1 c6 14. b4 f5
15. Ne5 Qd6 16. f4 Ng6 17. Qf2 Nxe5 18. dxe5 Qe7 19. Be2 a5 20. b5 cxb5 21.
Bxb5 Qxa3 22. Rc7 Qb4 23. Qg3 Rf7 24. Rxf7 Kxf7 25. Be2 Kg8 26. Qg6 Qe7 27. Bd3
Qe6 28. Qh5 Bd7 29. Rb1 Rb8 30. Qd1 b5 31. Bc2 Qc6 32. Rc1 Qe6 33. Bb3 Kh8 34.
Bxd5 Qb6 35. Qd4 b4 36. Kf2 a4 37. Rb1 b3 38. Rb2 Be6 39. Bxe6 Qxe6 40. Qxa4
Qb6 41. Qd4 Qc6 42. Kg3 Qe6 43. Qd6 Qc8 44. e6 Rb7 45. Qe5 Qf8 46. Qd5 Qf6 47.
Rxb3 Rxb3 48. Qxb3 h5 49. Qb8+ Kh7 50. Qe5 Qxe5 51. fxe5 Kg8 52. Kf4 g6 53. Kg5
Kf8 54. Kxg6 Ke7 55. Kxf5 h4 56. h3 Ke8 57. Kf6 Kf8 58. e7+ Ke8 59. e4 Kd7 60.
Kf7 1-0

[Event "Faxe EMT 2009"]
[Site "Faxe"]
[Date "2009.04.27"]
[Round "5"]
[White "Hansen, Arne Mandrup"]
[Black "Johannsen, Bjorn"]
[Result "1/2-1/2"]
[WhiteElo "1397"]
[BlackElo "1499"]
[PlyCount "36"]
[EventDate "2009.??.??"]

1. d4 d5 2. Bf4 Nf6 3. e3 c6 4. c4 Qb6 5. Qb3 e6 6. Nd2 Bb4 7. Ngf3 Ne4 8. Qc2
Nd7 9. a3 Qa5 10. Rc1 Bxd2+ 11. Nxd2 Nxd2 12. Qxd2 Qxd2+ 13. Kxd2 O-O 14. cxd5
exd5 15. b4 Nf6 16. f3 Re8 17. b5 Bd7 18. bxc6 Bxc6 1/2-1/2

[Event "Faxe EMT 2009"]
[Site "Faxe"]
[Date "2009.04.28"]
[Round "6"]
[White "Christensen, Lars (1957)"]
[Black "Andersen, Bjarne Hjorth"]
[Result "1-0"]
[WhiteElo "1998"]
[BlackElo "1881"]
[PlyCount "45"]
[EventDate "2009.??.??"]

1. e4 c6 2. d4 d5 3. e5 Bf5 4. g4 Bd7 5. Bd3 e6 6. c3 c5 7. Be3 Nc6 8. Ne2 Rc8
9. Nd2 cxd4 10. Bxd4 Nxd4 11. Nxd4 a6 12. h4 Be7 13. N2f3 Qb6 14. Qe2 Bc5 15.
O-O Ne7 16. Kg2 Ng6 17. Bxg6 hxg6 18. Rh1 Ke7 19. Nb3 Qc7 20. Nxc5 Qxc5 21. Nd4
Rh7 22. Qe3 Rch8 23. Nf5+ 1-0

[Event "Faxe EMT 2009"]
[Site "Faxe"]
[Date "2009.04.28"]
[Round "6"]
[White "Thomsen, Peter"]
[Black "Jensen, Leif"]
[Result "1/2-1/2"]
[WhiteElo "1766"]
[BlackElo "1990"]
[PlyCount "47"]
[EventDate "2009.??.??"]

1. e4 e6 2. d4 d5 3. Nc3 dxe4 4. Nxe4 Nd7 5. Nf3 Ngf6 6. Nxf6+ Nxf6 7. c3 c5 8.
Be3 cxd4 9. Qa4+ Bd7 10. Qxd4 Qc7 11. Ne5 Bc6 12. Nxc6 Qxc6 13. O-O-O Be7 14.
Be2 O-O 15. Bf3 Qa6 16. Kb1 Rfd8 17. Qf4 Bd6 18. Qh4 Rac8 19. Rd2 Be7 20. Rhd1
Rxd2 21. Rxd2 Nd5 22. Qg3 Nxe3 23. fxe3 Qb5 24. Be2 1/2-1/2

[Event "Faxe EMT 2009"]
[Site "Faxe"]
[Date "2009.04.28"]
[Round "6"]
[White "Hansen, Knud"]
[Black "Refsgaard, Kaj"]
[Result "1-0"]
[WhiteElo "1633"]
[BlackElo "1524"]
[PlyCount "101"]
[EventDate "2009.??.??"]

1. e4 c5 2. d3 g6 3. Nf3 Bg7 4. Nbd2 d6 5. Nc4 Nc6 6. Be2 b5 7. Ne3 Nf6 8. O-O
O-O 9. a3 Nh5 10. c4 a6 11. Rb1 Nf4 12. b3 Rb8 13. Re1 Nxe2+ 14. Rxe2 bxc4 15.
Nxc4 Bg4 16. Ncd2 Bh6 17. h3 Bxd2 18. hxg4 Bxc1 19. Qxc1 Qd7 20. Qf4 Qe6 21.
Reb2 a5 22. Ng5 Qe5 23. Qe3 Rb7 24. g3 Rfb8 25. Nf3 Qc3 26. Qh6 Qg7 27. Qd2 Qf6
28. Kg2 Nd4 29. Qd1 h6 30. Nd2 Qe6 31. Nc4 Nc6 32. Ne3 a4 33. Nd5 Rxb3 34. Rxb3
axb3 35. Rxb3 Rf8 36. f3 f5 37. gxf5 gxf5 38. Rb7 fxe4 39. dxe4 Rf7 40. Qa4 Qc8
41. Rc7 Qb8 42. Qxc6 Qb2+ 43. Kh3 Qxa3 44. Nxe7+ Kh7 45. Nf5 Qb3 46. Kg4 h5+
47. Kg5 Qa2 48. f4 Qc4 49. Rxf7+ Qxf7 50. Qxd6 Kg8 51. Nh6+ 1-0

[Event "Faxe EMT 2009"]
[Site "Faxe"]
[Date "2009.04.28"]
[Round "6"]
[White "Lindskov, Villy"]
[Black "Eriksen, Keld"]
[Result "0-1"]
[WhiteElo "1822"]
[BlackElo "1635"]
[PlyCount "66"]
[EventDate "2009.??.??"]

1. e4 Nc6 2. d4 e5 3. d5 Nce7 4. Bd3 d6 5. f4 exf4 6. Bxf4 Ng6 7. Be3 Nf6 8.
Nf3 Bg4 9. O-O Be7 10. Nbd2 O-O 11. Qe1 c6 12. dxc6 bxc6 13. c4 a5 14. b3 Qc7
15. Bc2 d5 16. exd5 cxd5 17. Bxg6 hxg6 18. h3 Bd7 19. Nd4 Bd6 20. Qf2 Bh2+ 21.
Kh1 Nh5 22. Ne2 Bg3 23. Qf3 dxc4 24. Nxc4 Bc6 25. Qg4 Rfe8 26. Rfd1 Re4 27. Qg5
Bh4 28. Qc5 Be7 29. Nd6 Rxe3 30. Qxe3 Bxd6 31. Rac1 Re8 32. Qf2 Rxe2 33. Qxe2
Ng3+ 0-1

[Event "Faxe EMT 2009"]
[Site "Faxe"]
[Date "2009.04.28"]
[Round "6"]
[White "Larsen, Paul M"]
[Black "Wehlast, Svend Erik"]
[Result "1-0"]
[WhiteElo "1613"]
[BlackElo "1479"]
[PlyCount "87"]
[EventDate "2009.??.??"]

1. e4 e6 2. f4 d5 3. e5 c5 4. d4 Nc6 5. Nf3 c4 6. c3 b5 7. Be2 a5 8. O-O Bd7 9.
Kh1 a4 10. Na3 Na5 11. Nc2 Ne7 12. Ne3 Nf5 13. g4 Nxe3 14. Bxe3 g6 15. Qe1 Be7
16. Nd2 Qc8 17. Bf3 Kd8 18. f5 gxf5 19. gxf5 Kc7 20. f6 Bf8 21. Bh5 Be8 22. Rg1
Qd7 23. a3 Kb6 24. Nf3 h6 25. Rd1 Ra7 26. Qf2 Nc6 27. Rg4 Qc8 28. Rdg1 Nb8 29.
Rg8 Rxg8 30. Rxg8 Nd7 31. Qd2 Rb7 32. Bxh6 Bxh6 33. Qxh6 Nb8 34. Qf8 Na6 35.
Qxe8 Qc7 36. Qd8 Ka5 37. Qxc7+ Rxc7 38. Rf8 b4 39. Rxf7 bxa3 40. bxa3 Rc8 41.
Rb7 Nc7 42. f7 Nb5 43. Re7 Nxc3 44. Re8 1-0

[Event "Faxe EMT 2009"]
[Site "Faxe"]
[Date "2009.04.28"]
[Round "6"]
[White "Hansen, Borge"]
[Black "Andersen, Hans E"]
[Result "1/2-1/2"]
[WhiteElo "1511"]
[BlackElo "1449"]
[PlyCount "66"]
[EventDate "2009.??.??"]

1. e4 e5 2. Bc4 Nf6 3. d3 Bc5 4. h3 Nc6 5. a3 d6 6. Ne2 a6 7. O-O Be6 8. Ba2
Qe7 9. Bxe6 fxe6 10. Be3 Bxe3 11. fxe3 O-O-O 12. Nd2 Rdf8 13. b4 g5 14. g3 d5
15. Nc3 d4 16. Ne2 Nh5 17. Kg2 Qg7 18. exd4 Rxf1 19. Qxf1 exd4 20. Qg1 g4 21.
h4 e5 22. Rf1 Rf8 23. Rxf8+ Qxf8 24. Qf2 Qxf2+ 25. Kxf2 b5 26. Nb3 Nf6 27. Ke1
Kb7 28. Kd2 Kb6 29. c3 dxc3+ 30. Kxc3 a5 31. Na1 a4 32. Nc2 Ne7 33. Ne3 Kc6
1/2-1/2

[Event "Faxe EMT 2009"]
[Site "Faxe"]
[Date "2009.04.28"]
[Round "6"]
[White "Eckert, Svend"]
[Black "Johannsen, Bjorn"]
[Result "0-1"]
[WhiteElo "1628"]
[BlackElo "1499"]
[PlyCount "109"]
[EventDate "2009.??.??"]

1. c4 Nf6 2. d4 e6 3. a3 d5 4. e3 c6 5. Nc3 Bd6 6. Nf3 Nbd7 7. c5 Bc7 8. Bd3 e5
9. Bb1 e4 10. Nd2 Nf8 11. f3 exf3 12. Nxf3 Bg4 13. O-O Qb8 14. h3 Bh5 15. e4
dxe4 16. Nxe4 Nxe4 17. Bxe4 Ne6 18. b4 Bg3 19. Ra2 O-O 20. Qd3 Qc7 21. Be3 g6
22. Qc4 Rad8 23. Rd2 Bf4 24. Qc3 Bxe3+ 25. Qxe3 Bxf3 26. Rxf3 Ng7 27. d5 cxd5
28. Bxd5 Rd7 29. Qb3 Re7 30. a4 Qe5 31. Rdf2 Ne6 32. Re3 Qa1+ 33. Kh2 Nd4 34.
Qc3 Qxc3 35. Rxc3 Rd7 36. Bc4 Nc6 37. b5 Ne5 38. Bb3 Kg7 39. Re3 Nd3 40. c6
Nxf2 41. cxd7 Rd8 42. Rf3 Rxd7 43. Rxf2 b6 44. Ra2 f5 45. a5 bxa5 46. Rxa5 Kf6
47. Ra6+ Ke5 48. Ba4 Rb7 49. Rc6 Kd5 50. Kg3 Re7 51. Bb3+ Kd4 52. Re6 Rc7 53.
Ba4 Kc4 54. Ra6 Re7 55. Kf4 0-1

[Event "Faxe EMT 2009"]
[Site "Faxe"]
[Date "2009.04.28"]
[Round "6"]
[White "Hansen, Arne Mandrup"]
[Black "Christoffersen, Per"]
[Result "0-1"]
[WhiteElo "1397"]
[BlackElo "1530"]
[PlyCount "96"]
[EventDate "2009.??.??"]

1. d4 Nf6 2. Bf4 d5 3. e3 Bf5 4. Nf3 e6 5. c4 Bb4+ 6. Nc3 Ne4 7. Rc1 Nc6 8. a3
Nxc3 9. bxc3 Bxa3 10. cxd5 Qxd5 11. Ra1 Bb2 12. c4 Bc3+ 13. Nd2 Qd7 14. Ra3 Bb4
15. Rb3 a5 16. Be2 O-O 17. Bf3 Ne7 18. O-O c6 19. Ne4 Bxe4 20. Bxe4 Rfd8 21. g4
c5 22. d5 exd5 23. cxd5 c4 24. Rb2 Nxd5 25. Bf5 Qe7 26. Qf3 Nxf4 27. Qxf4 c3
28. Rc2 Rd2 29. g5 Rxc2 30. Bxc2 Rd8 31. Rd1 Rxd1+ 32. Bxd1 Qd6 33. Qf3 Qc6 34.
Qf5 a4 35. Bf3 c2 36. Bxc6 c1=Q+ 37. Kg2 Qxc6+ 38. Kg3 a3 39. Qb1 Bd6+ 40. f4
b5 41. Qa2 b4 42. h4 Qc3 43. h5 Qxe3+ 44. Kg2 Qxf4 45. g6 Qg4+ 46. Kf1 hxg6 47.
hxg6 Qh3+ 48. Ke1 Qh1+ 0-1

[Event "Faxe EMT 2009"]
[Site "Faxe"]
[Date "2009.04.28"]
[Round "6"]
[White "Strandsbjerg, Jens"]
[Black "Hansen, Egon"]
[Result "1/2-1/2"]
[WhiteElo "1529"]
[BlackElo "1427"]
[PlyCount "52"]
[EventDate "2009.??.??"]

1. d4 Nf6 2. c4 e6 3. Nc3 d5 4. Nf3 b6 5. cxd5 exd5 6. e3 Bd6 7. Bd3 Bb7 8. O-O
O-O 9. Nb5 Be7 10. Qc2 c6 11. Nc3 c5 12. b3 Nbd7 13. Bb2 Rc8 14. Rac1 Re8 15.
Qd2 Bf8 16. Qd1 Ne4 17. Ne2 f5 18. Bb5 a6 19. Bxd7 Qxd7 20. Ne5 Qd6 21. Nf4
Red8 22. Ned3 Nf6 23. Qf3 g6 24. Rc2 Qe7 25. Rfc1 Rc7 26. Qe2 Rdc8 1/2-1/2

[Event "Faxe EMT 2009"]
[Site "Faxe"]
[Date "2009.04.28"]
[Round "6"]
[White "Andersen, Hans Poul"]
[Black "Brinkhard, Anders"]
[Result "1/2-1/2"]
[WhiteElo "1269"]
[BlackElo "1432"]
[PlyCount "64"]
[EventDate "2009.??.??"]

1. e4 e6 2. d3 d5 3. Be2 dxe4 4. dxe4 Qxd1+ 5. Bxd1 Nf6 6. Bf3 Be7 7. Ne2 O-O
8. O-O Nc6 9. Nec3 Ne5 10. Be2 c6 11. Bf4 Ng6 12. Bg3 b6 13. a3 Bb7 14. h3 Rfd8
15. Bd3 Nd7 16. f3 Bc5+ 17. Kh1 e5 18. Nd2 b5 19. Nb3 Bb6 20. Rfd1 Nc5 21. Nxc5
Bxc5 22. Ne2 Be3 23. b4 f6 24. c4 a6 25. c5 Nf8 26. Bc2 Kh8 27. Bb3 Ng6 28.
Rab1 Nf8 29. f4 exf4 30. Bxf4 Bxf4 31. Nxf4 Re8 32. Bc2 a5 1/2-1/2

[Event "Faxe EMT 2009"]
[Site "Faxe"]
[Date "2009.04.28"]
[Round "6"]
[White "Jakobsen, Henning"]
[Black "Lillebro, Verner"]
[Result "1-0"]
[WhiteElo "1141"]
[BlackElo "1285"]
[PlyCount "55"]
[EventDate "2009.??.??"]

1. d4 Nf6 2. c4 e6 3. Nc3 d5 4. Bg5 dxc4 5. Nf3 Be7 6. e3 Nc6 7. Bxc4 O-O 8.
O-O a6 9. a3 b5 10. Bd3 Bb7 11. b4 Nd5 12. Bxe7 Ncxe7 13. Nxd5 Nxd5 14. Qc2 Nf6
15. Ne5 Rc8 16. Nc6 Qd6 17. Rac1 Rfe8 18. Qc5 Ng4 19. g3 Qd5 20. Qxd5 exd5 21.
Bf5 Bxc6 22. Rxc6 Nf6 23. Bxc8 Rxc8 24. Rfc1 Ne8 25. Rxa6 h6 26. Rac6 Ra8 27.
R1c3 Rc8 28. R6c5 1-0

[Event "Faxe EMT 2009"]
[Site "Faxe"]
[Date "2009.04.28"]
[Round "6"]
[White "Voigt, Keld"]
[Black "Christoffersen, Ib"]
[Result "0-1"]
[WhiteElo "1180"]
[BlackElo "1421"]
[PlyCount "98"]
[EventDate "2009.??.??"]

1. f4 d5 2. d4 Nc6 3. Nf3 Bf5 4. e3 Nb4 5. Bb5+ c6 6. Ba4 Qa5 7. Nc3 Nf6 8. Bb3
Ne4 9. Bd2 Nxd2 10. Qxd2 Bg4 11. O-O e6 12. a3 Na6 13. Qf2 c5 14. Ba4+ Kd8 15.
Qh4+ Be7 16. Qxg4 cxd4 17. Qxg7 Rf8 18. Nxd4 Nc5 19. b4 Qb6 20. bxc5 Qxc5 21.
Nce2 a6 22. Bb3 Kd7 23. Qxh7 Bf6 24. f5 e5 25. Qh6 Qd6 26. Qh5 exd4 27. Nxd4
Ke7 28. Qf3 Rh8 29. g3 Rad8 30. Qf4 Qd7 31. Rad1 Rdg8 32. Ne2 Kf8 33. Rxd5 Qc6
34. Qd6+ Qxd6 35. Rxd6 Ke7 36. Rfd1 Bg7 37. Rd7+ Kf6 38. Rxf7+ Ke5 39. Nf4 Rh6
40. Rxb7 Rc8 41. Rd4 Rc3 42. Nd3+ Kxf5 43. Rf7+ Kg6 44. Rd6+ Kh5 45. Rxh6+ Bxh6
46. Nf4+ Kg4 47. e4 Re3 48. Re7 Kf3 49. e5 Re1# 0-1

[Event "Faxe EMT 2009"]
[Site "Faxe"]
[Date "2009.04.28"]
[Round "6"]
[White "Nielsen, Johannes"]
[Black "Toftvang, Ove"]
[Result "0-1"]
[WhiteElo "1000"]
[BlackElo "1355"]
[PlyCount "60"]
[EventDate "2009.??.??"]

1. e4 g6 2. d4 d6 3. Nf3 Bg7 4. Be3 Nf6 5. Nc3 c6 6. h3 O-O 7. Bc4 b5 8. Bd3
Qa5 9. O-O b4 10. Ne2 e5 11. c3 d5 12. Nxe5 dxe4 13. Bc2 Ba6 14. Re1 Rd8 15. a3
bxc3 16. Nxc3 Qc7 17. Qc1 Nbd7 18. Nxd7 Rxd7 19. Rd1 Re8 20. d5 c5 21. Ba4 Bd3
22. Bxd7 Nxd7 23. Rd2 Be5 24. Kh1 Nf6 25. Na4 c4 26. Nc5 Nxd5 27. Nxd3 exd3 28.
Rd1 Bg7 29. Re1 Rc8 30. Bd2 h5 0-1

[Event "Faxe EMT 2009"]
[Site "Faxe"]
[Date "2009.04.28"]
[Round "6"]
[White "Olsen, Michael2"]
[Black "Eriksen, Knud Ejler"]
[Result "1-0"]
[WhiteElo "1177"]
[BlackElo "1255"]
[PlyCount "93"]
[EventDate "2009.??.??"]

1. d4 d5 2. c4 Nf6 3. Nf3 c6 4. h3 Bf5 5. Nc3 e6 6. a3 h6 7. e3 a6 8. Bd3 Bxd3
9. Qxd3 Be7 10. O-O O-O 11. c5 Nbd7 12. Bd2 Re8 13. b4 Bf8 14. Ne5 Qc7 15. Nxd7
Qxd7 16. e4 e5 17. Rfe1 dxe4 18. Nxe4 Nxe4 19. Rxe4 exd4 20. Rxd4 Qc7 21. Rd7
Qc8 22. Rd1 Re7 23. Bf4 Re8 24. Qf5 Re7 25. R1d4 Rxd7 26. Rxd7 Be7 27. Bd6 Bf6
28. Be5 Be7 29. Qg4 f6 30. Bd6 Bf8 31. Bxf8 Qxf8 32. Rxb7 a5 33. Qe6+ Kh8 34.
Qxc6 axb4 35. axb4 f5 36. Qe6 Ra1+ 37. Kh2 Rf1 38. Qf7 Qxf7 39. Rxf7 Rxf2 40.
c6 Rc2 41. c7 Kh7 42. b5 Kg6 43. Rd7 f4 44. Rd6+ Kf7 45. Rc6 Re2 46. Rc3 Re3
47. c8=Q 1-0

[Event "Faxe EMT 2009"]
[Site "Faxe"]
[Date "2009.05.06"]
[Round "7"]
[White "Andersen, Hans E"]
[Black "Lindskov, Villy"]
[Result "0-1"]
[WhiteElo "1449"]
[BlackElo "1822"]
[PlyCount "46"]
[EventDate "2009.??.??"]

1. e4 c5 2. Bc4 Nc6 3. Nf3 d6 4. h3 Nf6 5. d3 g6 6. Nc3 Bg7 7. Ng5 e6 8. Be3
O-O 9. O-O h6 10. Nf3 b6 11. Qd2 Kh7 12. a3 a6 13. Nh2 d5 14. exd5 exd5 15.
Bxd5 Nxd5 16. Nxd5 Qxd5 17. f3 f5 18. g4 Nd4 19. c3 Nb3 20. Qc2 Nxa1 21. Rxa1
fxg4 22. hxg4 Bb7 23. Rf1 Rad8 0-1

[Event "Faxe EMT 2009"]
[Site "Faxe"]
[Date "2009.05.06"]
[Round "7"]
[White "Toftvang, Ove"]
[Black "Andersen, Hans Poul"]
[Result "1-0"]
[WhiteElo "1355"]
[BlackElo "1269"]
[PlyCount "67"]
[EventDate "2009.??.??"]

1. g3 e5 2. Bg2 Nf6 3. d3 h6 4. c3 d5 5. e3 c6 6. Qe2 Bd6 7. f4 O-O 8. fxe5
Bxe5 9. d4 Bc7 10. h3 Bf5 11. Nd2 Nbd7 12. c4 Bxg3+ 13. Kf1 Bc7 14. Qf2 Bd3+
15. Ne2 dxc4 16. Kg1 Bxe2 17. Qxe2 Nb6 18. Nxc4 Nxc4 19. Qxc4 Bb6 20. b4 Re8
21. Qd3 Nd5 22. a3 Nf6 23. Bb2 Nh5 24. Kf2 Qh4+ 25. Ke2 Nf4+ 26. Kd2 Nxd3 27.
Kxd3 Qg3 28. Be4 Bc7 29. Rag1 Qh4 30. Rg4 Qe7 31. Rhg1 Kf8 32. d5 Be5 33. Rxg7
Bxb2 34. Rg8# 1-0

[Event "Faxe EMT 2009"]
[Site "Faxe"]
[Date "2009.05.06"]
[Round "7"]
[White "Eriksen, Keld"]
[Black "Thomsen, Peter"]
[Result "1/2-1/2"]
[WhiteElo "1635"]
[BlackElo "1766"]
[PlyCount "81"]
[EventDate "2009.??.??"]

1. e4 c5 2. Nf3 d6 3. d4 cxd4 4. Nxd4 Nf6 5. Nc3 a6 6. Be2 e5 7. Nb3 b5 8. f3
Bb7 9. Be3 Be7 10. Qd2 Nbd7 11. O-O b4 12. Nd5 Nxd5 13. exd5 a5 14. a4 O-O 15.
c4 bxc3 16. bxc3 Qc7 17. Rfc1 Rfc8 18. c4 Qd8 19. Qe1 Bh4 20. g3 Bg5 21. Qf2
Bxe3 22. Qxe3 Nc5 23. Nxc5 Rxc5 24. Rab1 Ba6 25. Qb3 Kf8 26. Qb6 Qxb6 27. Rxb6
Ke7 28. Kf2 Kd7 29. Ke3 Kc7 30. Rcb1 Ra7 31. Rb8 Rb7 32. R1xb7+ Bxb7 33. Rf8
Ba6 34. Rxf7+ Kb6 35. Rd7 Bxc4 36. Rxd6+ Kc7 37. Rc6+ Rxc6 38. dxc6 Bxe2 39.
Kxe2 Kxc6 40. Kd3 Kd6 41. Ke4 1/2-1/2

[Event "Faxe EMT 2009"]
[Site "Faxe"]
[Date "2009.05.06"]
[Round "7"]
[White "Lillebro, Verner"]
[Black "Olsen, Michael2"]
[Result "0-1"]
[WhiteElo "1285"]
[BlackElo "1177"]
[PlyCount "70"]
[EventDate "2009.??.??"]

1. e4 e6 2. d4 c5 3. Nf3 d5 4. exd5 exd5 5. dxc5 Bxc5 6. Nc3 Be6 7. Nd4 Nf6 8.
Bg5 O-O 9. Be2 Nc6 10. Nxe6 fxe6 11. O-O Qd7 12. a3 a6 13. Bd3 Ne5 14. Be2 d4
15. Bxf6 gxf6 16. Ne4 Bb6 17. Kh1 Kh8 18. f4 Nc6 19. Bd3 f5 20. Ng5 Bd8 21. Qh5
Bxg5 22. fxg5 Rg8 23. Rf3 Rg6 24. Re1 Rag8 25. Bc4 R8g7 26. Rg3 e5 27. h4 e4
28. Rd1 Ne5 29. Bf1 f4 30. Rb3 Ng4 31. Rd2 e3 32. Re2 Qf5 33. Rb4 f3 34. gxf3
Qxf3+ 35. Kg1 Rf7 0-1

[Event "Faxe EMT 2009"]
[Site "Faxe"]
[Date "2009.05.06"]
[Round "7"]
[White "Eckert, Svend"]
[Black "Voigt, Keld"]
[Result "1-0"]
[WhiteElo "1628"]
[BlackElo "1180"]
[PlyCount "61"]
[EventDate "2009.??.??"]

1. c4 e6 2. e4 Bc5 3. a3 d6 4. d4 Bb6 5. Nf3 c5 6. d5 h6 7. Bd2 Nf6 8. Bd3 exd5
9. exd5 O-O 10. O-O Bg4 11. Nc3 Nbd7 12. b3 Ne5 13. Be2 Bxf3 14. Bxf3 Ba5 15.
Rb1 Qd7 16. Re1 Qf5 17. Be4 Nxe4 18. Nxe4 Bxd2 19. Qxd2 Qg6 20. Re3 f5 21. Rg3
Ng4 22. h3 f4 23. Rxg4 Qxe4 24. Re1 Qf5 25. Re7 Rf7 26. Rxf7 Qxf7 27. Rxf4 Qg6
28. Rg4 Qb1+ 29. Kh2 Qxb3 30. Qxh6 Qc3 31. Qe6+ 1-0

[Event "Faxe EMT 2009"]
[Site "Faxe"]
[Date "2009.05.06"]
[Round "7"]
[White "Christoffersen, Per"]
[Black "Hansen, Egon"]
[Result "1/2-1/2"]
[WhiteElo "1530"]
[BlackElo "1427"]
[PlyCount "62"]
[EventDate "2009.??.??"]

1. d4 Nf6 2. Nf3 d5 3. e3 Nc6 4. Bd3 Bg4 5. Nbd2 e5 6. dxe5 Nxe5 7. Be2 Nxf3+
8. Nxf3 Bd6 9. O-O O-O 10. h3 Bh5 11. b3 c6 12. Bb2 Re8 13. Nh4 Bxe2 14. Qxe2
Be5 15. Bxe5 Rxe5 16. Nf3 Re7 17. Rad1 Qc7 18. c4 Rae8 19. cxd5 Nxd5 20. Qd3
Nf6 21. Qc2 h6 22. Rd3 Rd7 23. Rxd7 Nxd7 24. Rd1 Ne5 25. Nxe5 Qxe5 26. Qd2 Kf8
27. Qb4+ Qe7 28. Qd4 b6 29. Qd6 c5 30. Qd7 Qxd7 31. Rxd7 Re7 1/2-1/2